Αλεξανδρινό κουαρτέτο : μυθιστόρημα
Saved in:
| Main Author: | |
|---|---|
| Format: | Book |
| Language: | Greek English |
| Published: |
Αθήναι :
Εκδόσεις Γρηγόρη,
c1961.
|
| Subjects: | |
| Tags: |
Add Tag
No Tags, Be the first to tag this record!
|
MARC
| LEADER | 00000cam a2200000 a 4500 | ||
|---|---|---|---|
| 001 | 1/113520 | ||
| 008 | 170328s1961####gr | ||| |||| ||gre|| | ||
| 040 | |a GR-MyUa |b gre |c GR-MyUa |e AACR2 | ||
| 041 | 1 | |a gre |h eng | |
| 082 | 7 | |a 823 |2 (23) | |
| 100 | 1 | |a Durrell, Lawrence. | |
| 245 | 1 | 0 | |a Αλεξανδρινό κουαρτέτο : |b μυθιστόρημα / |c Λώρενς Ντάρρελ ; μετάφραση Αιμίλιος Χουρμούζιος. |
| 260 | |a Αθήναι : |b Εκδόσεις Γρηγόρη, |c c1961. | ||
| 300 | |a 4 τ. ; |c 19 εκ. | ||
| 500 | |a Τίτλος πρωτοτύπου: The Alexandria quartet. | ||
| 650 | 0 | |a English fiction. | |
| 505 | 8 | |a Τ. 1. Ιουστίνη -- τ. 2. Βαλτάσαρ -- τ. 3. Μαουντοβίλ -- τ. 4. Κλεα. | |
| 740 | 0 | |a Ιουστίνη. | |
| 852 | |a INST |b SAMOS |e 20190204 |h 823 DUR |p 005300045750 |q 005300045750 |t BK |v τομ.1: |y 0 | ||
| 852 | |a INST |b SYROS |e 20170328 |h 823 DUR |p 005500012957 |q 005500012957 |t BK |v τομ.1: |y 0 | ||
| 853 | |a INST |b SAMOS |h 823 DUR | ||
| 853 | |a INST |b SYROS |h 823 DUR | ||
| 970 | |a Κοντού |b Παρασκευή |z 28/03/2017 | ||